| 000 | 00544cam a2200205ua 4500 | ||
|---|---|---|---|
| 020 | _c217.00 | ||
| 041 |
_aeng _h |
||
| 082 |
_a320.973 _bHAT/GO |
||
| 100 | _aHathorn, Guy.B . | ||
| 245 |
_aGovernment and politics in the United states / _cB.Guy Hathorn. _hTextual Documents |
||
| 250 |
_a2 / _b. |
||
| 260 |
_aNew Delhi : _bD.Van nostrant co.,Toronto , _c1966. |
||
| 300 | _a815 ; . | ||
| 365 | _a217.00 | ||
| 504 | _a | ||
| 700 | 1 | _aFerber, Mark.F . | |
| 700 | 1 | _aPenniman, Howark.R . | |
| 942 | _cBK | ||
| 999 |
_c1717 _d1717 |
||